[Event "Korbach op 9th"]
[Site "Korbach"]
[Date "2017.10.22"]
[Round "6"]
[White "Kuznetsova, Elena V"]
[Black "Van der Meiden, Dirk"]
[Result "1-0"]
[WhiteElo "2127"]
[BlackElo "1958"]
[PlyCount "97"]
[EventDate "2017.10.19"]
[EventType "swiss"]
[EventRounds "7"]
[EventCountry "GER"]
[SourceTitle "CBM 181 Extra"]
[Source "ChessBase"]
[SourceDate "2017.12.12"]
[SourceVersion "1"]
[SourceVersionDate "2017.12.12"]
[SourceQuality "1"]

1. e4 c6 2. d4 d5 3. exd5 cxd5 4. c4 Nf6 5. Nc3 Nc6 6. cxd5 Nxd5 7. Nf3 e6 8. Bd3 Be7 9. 0-0 0-0 10. a3 h6 11. Bc2 Nf6 12. Qd3 Qa5 13. Bd2 Qh5 14. Rfe1 Rd8 15. Ne4 b6 16. Nxf6+ Bxf6 17. Qh7+ Kf8 18. Be4 Bb7 19. d5 Rxd5 20. Bxd5 Qxd5 21. Rad1 Qb5 22. Bc3 Bxc3 23. bxc3 Ne7 24. Ne5 Bc6 25. Rd6 Be8 26. Qd3 Rc8 27. Rd8 Qxd3 28. Rxd3 Bb5 29. c4 Ba6 30. Red1 Nc6 31. Nxc6 Rxc6 32. Rd8+ Ke7 33. R1d7+ Kf6 34. Rf8 Bxc4 35. Rfxf7+ Ke5 36. Rxa7 g6 37. f3 b5 38. Rfd7 Bd5 39. Rdc7 Rb6 40. Rg7 Kf6 41. Raf7+ Kg5 42. f4+ Kh5 43. g4+ Kxg4 44. Rxg6+ Kf3 45. f5 Ke4 46. Rxh6 b4 47. axb4 Ke5 48. Rh4 exf5 49. Re7+ 1-0

[Event "Cheliabinsk Kibizov Memorial 8th"]
[Site "Cheliabinsk"]
[Date "2013.06.22"]
[Round "1"]
[White "Kanakin, Konstantin"]
[Black "Kuznetsova, Elena V"]
[Result "1-0"]
[WhiteElo "1987"]
[BlackElo "1653"]
[PlyCount "59"]
[EventDate "2013.06.22"]
[EventType "swiss"]
[EventRounds "9"]
[EventCountry "RUS"]
[SourceTitle "EXT 2014"]
[Source "ChessBase"]
[SourceDate "2013.11.20"]
[SourceVersion "1"]
[SourceVersionDate "2013.11.20"]
[SourceQuality "1"]

1. d4 Nf6 2. c4 e6 3. Nf3 Bb4+ 4. Bd2 Bxd2+ 5. Nbxd2 d5 6. e3 0-0 7. Bd3 b6 8. Qc2 dxc4 9. Nxc4 Bb7 10. Nce5 h6 11. Rc1 Qd5 12. 0-0 Ba6 13. Bxa6 Nxa6 14. Nc6 Qd6 15. e4 Qf4 16. Qe2 Nb8 17. Ne7+ Kh8 18. e5 Ne8 19. g3 Qg4 20. Kg2 f5 21. Qc4 Qh5 22. Qxe6 Kh7 23. Qd5 c6 24. Nxc6 Nc7 25. Qd6 Nxc6 26. Qxc6 Rac8 27. Qd7 Qf7 28. e6 Qxe6 29. Rxc7 Qxa2 30. Qxg7# 1-0

[Event "GER-chT Federal Cup (Women)"]
[Site "Germany"]
[Date "2007.??.??"]
[Round "5"]
[White "Kuznetsova, Elena V"]
[Black "Pralle, Katharina"]
[Result "1-0"]
[WhiteElo "2145"]
[BlackElo "1750"]
[PlyCount "53"]
[EventDate "2007.06.??"]
[EventType "team-swiss"]
[EventRounds "5"]
[EventCountry "GER"]
[SourceTitle "EXT 2008"]
[Source "ChessBase"]
[SourceDate "2007.11.25"]
[SourceVersion "1"]
[SourceVersionDate "2007.11.25"]
[SourceQuality "1"]
[WhiteTeam "NRW"]
[BlackTeam "Hessen"]
[WhiteTeamCountry "GER"]
[BlackTeamCountry "GER"]

1. e4 d6 2. d4 Nf6 3. Nc3 g6 4. f4 Bg7 5. Nf3 c6 6. Bd3 Bg4 7. Be3 Nbd7 8. 0-0 Qa5 9. Kh1 0-0-0 10. Rb1 Qh5 11. Qe1 Bxf3 12. Rxf3 Ng4 13. Rh3 Qa5 14. b4 Qc7 15. Bg1 c5 16. Nd5 Qb8 17. Nxe7+ Kc7 18. bxc5 dxc5 19. Nd5+ Kc8 20. Qa5 Rde8 21. Ba6 Nb6 22. Nxb6+ axb6 23. Qxb6 Re7 24. Rhb3 Bxd4 25. Bxb7+ Rxb7 26. Qxb7+ Qxb7 27. Rxb7 1-0

[Event "Halle-chT (Women)"]
[Site "Halle"]
[Date "2005.04.15"]
[Round "3.3"]
[White "Vogler, Ursula"]
[Black "Kuznetsova, Elena V"]
[Result "1/2-1/2"]
[WhiteElo "1635"]
[BlackElo "2124"]
[PlyCount "142"]
[EventDate "2005.04.14"]
[EventType "team"]
[EventRounds "5"]
[EventCountry "GER"]
[SourceTitle "CBM 105 Extra"]
[Source "ChessBase"]
[SourceDate "2005.05.01"]
[SourceVersion "1"]
[SourceVersionDate "2005.05.01"]
[SourceQuality "1"]

1. e4 c5 2. Nf3 d6 3. d4 cxd4 4. Nxd4 Nf6 5. Nc3 a6 6. Bd3 e6 7. 0-0 Qc7 8. Qe2 Nbd7 9. Be3 b5 10. a3 Bb7 11. Nb3 Be7 12. f3 0-0 13. Qf2 Ne5 14. Bb6 Qb8 15. Na5 Bc8 16. Bd4 Bd7 17. b4 Rc8 18. Rac1 Nc6 19. Nxc6 Rxc6 20. Ne2 e5 21. Be3 Be6 22. f4 Ng4 23. Qf3 Nxe3 24. Qxe3 f6 25. f5 Bf7 26. Rf3 Qa7 27. Kf2 Bd8 28. Qxa7 Rxa7 29. Ke1 Bb6 30. Kd2 Rac7 31. c3 Ba7 32. Rg3 Bf2 33. Rf3 Bh4 34. Kc2 Bg5 35. Rd1 Bh5 36. Rh3 Rxc3+ 37. Nxc3 Bxd1+ 38. Kb2 Bg4 39. Rg3 Bh5 40. Rh3 Bf7 41. Bc2 Bd2 42. Rd3 Bxc3+ 43. Rxc3 Rxc3 44. Kxc3 Bc4 45. a4 Kf7 46. a5 Ke7 47. Bd1 d5 48. Bf3 Kd6 49. g4 dxe4 50. Bxe4 Bd5 51. Bc2 Bf3 52. h3 h6 53. Bd3 Bg2 54. h4 Bf3 55. Kd2 Bxg4 56. Be4 Kc7 57. Ke3 Bh5 58. Bd5 Be8 59. Bf3 Bc6 60. Bg4 Kd6 61. Bh5 Bg2 62. Ke2 Be4 63. Bg6 Kd5 64. Ke3 Bc2 65. Bf7+ Kd6 66. Bg6 Bb3 67. Ke4 Bd5+ 68. Ke3 Ke7 69. Bh5 Bc6 70. Bd1 Kf7 71. Bh5+ Ke7 1/2-1/2

[Event "Halle-chT (Women)"]
[Site "Halle"]
[Date "2005.04.14"]
[Round "1.3"]
[White "Hoolt, Sarah"]
[Black "Kuznetsova, Elena V"]
[Result "1/2-1/2"]
[WhiteElo "2050"]
[BlackElo "2124"]
[PlyCount "80"]
[EventDate "2005.04.14"]
[EventType "team"]
[EventRounds "5"]
[EventCountry "GER"]
[SourceTitle "CBM 105 Extra"]
[Source "ChessBase"]
[SourceDate "2005.05.01"]
[SourceVersion "1"]
[SourceVersionDate "2005.05.01"]
[SourceQuality "1"]

1. e4 c5 2. Nf3 d6 3. d4 cxd4 4. Nxd4 Nf6 5. Nc3 a6 6. a4 e6 7. g3 Nc6 8. Bg2 Qc7 9. 0-0 Be7 10. h3 0-0 11. Nde2 Rb8 12. Be3 b5 13. axb5 axb5 14. Nd4 Nxd4 15. Qxd4 b4 16. Ra7 Qd8 17. Ne2 e5 18. Qd3 Bb7 19. g4 Qc8 20. Ng3 g6 21. f4 Ra8 22. g5 Nd7 23. Rfa1 Rxa7 24. Rxa7 exf4 25. Bxf4 d5 26. Kh2 Nc5 27. Qb5 dxe4 28. Be3 Bc6 29. Qxb4 Bd7 30. Rxd7 Qxd7 31. Bxc5 Bxc5 32. Qxc5 Rc8 33. Qe5 Re8 34. Nxe4 Rxe5 35. Nf6+ Kg7 36. Nxd7 Re2 37. b4 Rxc2 38. b5 Rd2 39. Ne5 Rb2 40. Ng4 Rxb5 1/2-1/2

[Event "Ruhrgebiet Regionalliga 0304"]
[Site "Ruhrgebiet"]
[Date "2003.11.09"]
[Round "3.8"]
[White "Steinle, Carsten"]
[Black "Kuznetsova, Elena V"]
[Result "1-0"]
[WhiteElo "2004"]
[BlackElo "2000"]
[PlyCount "45"]
[EventDate "2003.10.05"]
[EventType "team"]
[EventRounds "9"]
[EventCountry "GER"]
[SourceTitle "EXT 2007"]
[Source "ChessBase"]
[SourceDate "2006.11.23"]
[SourceVersion "1"]
[SourceVersionDate "2006.11.23"]
[SourceQuality "1"]
[WhiteTeam "Ahlen"]
[BlackTeam "Bochum 31 II"]
[WhiteTeamCountry "GER"]
[BlackTeamCountry "GER"]

1. d4 d5 2. Nf3 Nf6 3. Bg5 e6 4. e3 c5 5. Be2 Nbd7 6. 0-0 Bd6 7. c4 Qc7 8. Nc3 dxc4 9. Nb5 Qc6 10. Nxd6+ Qxd6 11. Bf4 Qb6 12. Nd2 0-0 13. Nxc4 Qc6 14. Bf3 Qb5 15. Rc1 cxd4 16. Qxd4 Nb6 17. Nd6 Qa6 18. Rfd1 Nfd5 19. Bg3 Bd7 20. e4 Ne7 21. Rc5 Bc6 22. b4 Qxa2 23. Ra1 1-0

[Event "Sportland NRW Cup"]
[Site "Senden"]
[Date "2001.10.14"]
[Round "2"]
[White "Kuznetsova, Elena V"]
[Black "Kalinitschew, Sergey"]
[Result "0-1"]
[WhiteElo "2163"]
[BlackElo "2483"]
[PlyCount "80"]
[EventDate "2001.10.13"]
[EventType "swiss"]
[EventRounds "9"]
[EventCountry "GER"]
[SourceTitle "CBM 084 Extra"]
[Source "ChessBase"]
[SourceDate "2001.10.26"]
[SourceVersion "1"]
[SourceVersionDate "2001.10.26"]
[SourceQuality "1"]

1. e4 c5 2. Nc3 Nc6 3. g3 g6 4. Bg2 Bg7 5. d3 Rb8 6. Be3 d6 7. Qd2 b5 8. Nge2 b4 9. Nd1 h5 10. h3 Bd7 11. 0-0 Qc8 12. Kh2 Nf6 13. Bg5 Rb5 14. Bxf6 Bxf6 15. f4 Ra5 16. c3 Qa6 17. d4 cxd4 18. cxd4 0-0 19. Ne3 e6 20. e5 Bg7 21. d5 exd5 22. Nxd5 dxe5 23. Rac1 Nd4 24. Nxd4 exd4 25. Nxb4 Qd6 26. a3 h4 27. g4 Rc5 28. Rxc5 Qxc5 29. Nd5 Re8 30. Re1 Rxe1 31. Qxe1 g5 32. fxg5 Be6 33. Nf6+ Bxf6 34. gxf6 Qg5 35. Qf2 d3 36. Qf3 Qe5+ 37. Kh1 Qe1+ 38. Kh2 Qe5+ 39. Kh1 d2 40. Qa8+ Kh7 0-1

[Event "Dortmund op-A"]
[Site "Dortmund"]
[Date "2001.??.??"]
[Round "11"]
[White "Kuznetsova, Elena V"]
[Black "Guennewig, Hans Norbert"]
[Result "1-0"]
[WhiteElo "2153"]
[BlackElo "2037"]
[PlyCount "69"]
[EventDate "2001.07.12"]
[EventType "swiss"]
[EventRounds "11"]
[EventCountry "GER"]
[SourceTitle "EXT 2002"]
[Source "ChessBase"]
[SourceDate "2001.11.25"]
[SourceVersion "1"]
[SourceVersionDate "2001.11.25"]
[SourceQuality "1"]

1. e4 c5 2. Nf3 d6 3. d4 cxd4 4. Nxd4 Nf6 5. Nc3 a6 6. Be2 e5 7. Nb3 Be7 8. 0-0 0-0 9. Kh1 b5 10. a4 b4 11. Nd5 Nxd5 12. Qxd5 Ra7 13. Be3 Be6 14. Qd2 Rb7 15. a5 Qc8 16. Bd3 Rd8 17. Bb6 Rf8 18. Qxb4 d5 19. Qe1 d4 20. f4 f6 21. f5 Bf7 22. Qe2 Qc6 23. Nd2 Rd7 24. Rfc1 Rc8 25. Nf3 Bc4 26. Qd2 Qb5 27. Bxc4+ Rxc4 28. Qd3 Qc6 29. Qb3 Kh8 30. Nd2 Rb4 31. Qf7 Qc8 32. c3 dxc3 33. Rxc3 Nc6 34. Rxc6 Qa8 35. Rac1 1-0